000
00317nam a2200109Ia 4500
008
200302s9999 xx 000 0 und d
100
_a
Joseph A. Wilkes & Others
245
_a
Encyclopedia of Architecture Design, Engineering & Construction Vol 5
260
_b
John Wiley & Sons, Inc.
260
_c
1988
300
_a
808 p.,
999
_c
863
_d
863